| 000 | 00450nam a2200169Ia 4500 | ||
|---|---|---|---|
| 008 | 210719s2008 xx 000 0 und d | ||
| 041 | _akan | ||
| 082 | _a158.1K PURS | ||
| 100 | _aPURUSHOTTAMANANDA | ||
| 245 | _aShaktishali vyaktitva nirmana | ||
| 260 |
_aMaisuru _bShri Ramakrashnashrama _c2008 |
||
| 300 |
_a46 _bPB |
||
| 365 |
_b10 _cRs |
||
| 650 | _aApplied Psychology | ||
| 650 | _aPsychology | ||
| 906 | _anirmana ; Shaktishali ; vyaktitva | ||
| 999 |
_c215046 _d215046 |
||